| 000 | 00484nam a22001697a 4500 | ||
|---|---|---|---|
| 999 |
_c62439 _d62439 |
||
| 005 | 20241101112431.0 | ||
| 008 | 241031s2022 enk||||| |||| 00| 0 eng d | ||
| 020 | _a9780593334836x | ||
| 041 | _aeng | ||
| 080 | _a821.111.31 H-54 | ||
| 100 |
_aHenry, Emily _923585 |
||
| 245 |
_aBook Lovers / _cEmily Henry. |
||
| 264 |
_aNew York : _bBerkley, _c2002. |
||
| 300 |
_a380 p.; _b21 cm. |
||
| 653 | _aწიგნის მოყვარულები | ||
| 942 |
_2udc _cᲬᲘᲒᲜᲘ |
||